Growth, employment and trade in an industrializing economy <a> quantitative analysis of Mexican development policies
Salvato in:
| Autore principale: | |
|---|---|
| Altri autori: | , |
| Natura: | Libro |
| Lingua: | inglese |
| Pubblicazione: |
Tübingen
Mohr
1982
|
| Serie: | Kieler Studien
170 |
| Tags: |
Nessun Tag, puoi essere il primo ad aggiungerne!!
|
MARC
| LEADER | 00000nam a2200000 4500 | ||
|---|---|---|---|
| 001 | c130525 | ||
| 005 | 20181203150429.3 | ||
| 041 | 0 | |a eng | |
| 044 | |a DE | ||
| 245 | 1 | 0 | |a Growth, employment and trade in an industrializing economy |b <a> quantitative analysis of Mexican development policies |c Bernhard Fischer, Egbert Gerken, Ulrich Hiemenz |
| 264 | 1 | |a Tübingen |b Mohr |c 1982 | |
| 300 | |a 238 s. | ||
| 490 | 1 | |a Kieler Studien |v 170 | |
| 830 | 0 | |a Kieler Studien |v 170 | |
| 100 | 1 | |a Fischer, Bernhard | |
| 700 | 1 | |a Gerken, Egbert | |
| 700 | 1 | |a Hiemenz, Ulrich | |